Paroles - Rigodon de Bresse - Statistiques

Statistiques générales
  • Ce quiz a été pris 11 fois
  • Le résultat moyen est 368 sur 487
Statistiques - réponses
Hint Réponse % Correct
à
100%
a
100%
aime
100%
au
100%
bien
100%
Bresse
100%
bu
100%
ce
100%
C'est
100%
dans
100%
danser
100%
de
100%
d'leçon
100%
du
100%
et
100%
Pont Et
100%
façon
100%
fesses
100%
jeunes
100%
la
100%
100%
le
100%
les
100%
messe
100%
mieux
100%
notre
100%
Refrain Nous
100%
nous
100%
on
100%
Couplet 1 | Couplet 2 On
100%
pas
100%
prendre
100%
remuer
100%
Rigodon
100%
rigodon
100%
show
100%
sortir
100%
vieux
100%
avec
80%
Couplet 5 Avec
80%
business
80%
d'attraper
80%
en
80%
fout
80%
il
80%
leçon
80%
Orient
80%
quand
80%
Couplet 3 Quand
80%
qui
80%
s'en
80%
son
80%
sont
80%
ventre
80%
vin
80%
affirment
60%
Américains
60%
boive
60%
bourg
60%
ça
60%
coup
60%
danseuses
60%
des
60%
dès
60%
filles
60%
font
60%
fougue
60%
ils
60%
n'a
60%
personne
60%
peur
60%
pourvu
60%
qu'il
60%
qu'on
60%
sait
60%
sur
60%
tout
60%
toutes
60%
un
60%
Viriat
60%
vougue
60%
y
60%
aide
40%
brunes
40%
caisse
40%
cirrhose
40%
dèche
40%
discordants
40%
dit
40%
d'la
40%
est
40%
force
40%
fort
40%
Mais
40%
n'ont
40%
ont
40%
40%
pêche
40%
pépé
40%
plus
40%
que
40%
qu'les
40%
rouler
40%
rousses
40%
Russes
40%
sifflent
40%
sommet
40%
sons
40%
t'a
40%
tête
40%
vaches
40%
Vodka
40%
Africains
20%
autorisé
20%
Couplet 4 Autrefois
20%
Baragnon
20%
béret
20%
brousse
20%
cages
20%
celui
20%
déconnent
20%
entendait
20%
faudrait
20%
fête
20%
fichaient
20%
frousse
20%
gars
20%
Goldwin
20%
lâchent
20%
loin
20%
Mayer
20%
mène
20%
Mépillats
20%
Metro
20%
naître
20%
oubler
20%
pense
20%
poules
20%
pousse
20%
près
20%
qu'ils
20%
rentrent
20%
revolver
20%
sans
20%
saoule
20%
seul
20%
sortent
20%
tam-tam
20%
ton
20%
tu
20%
vissé
20%
vu
20%
ancêtre
0%
comme
0%
derrière
0%
don
0%
d'penser
0%
d'rester
0%
fagoutière
0%
f'sait
0%
guicher
0%
l'on
0%
lou
0%
Outro Marion
0%
n'es
0%
s'rait
0%
t'rappelles
0%
Aucun quiz correspondant
Distribution des résultats
% des personnes avec chaque résultat
Percentile par nombre de réponses
Votre historique - résultats
Vous n’avez pas pris ce quiz